World cities / towns to countries - Statistics

General Stats
  • This quiz has been taken 21 times
  • The average score is 26 of 50
Answer Stats
City Country % Correct
Cannes France
100%
Basel Switzerland
95%
Aalborg Denmark
89%
Chennai India
89%
Utrecht Netherlands
89%
Kobe Japan
84%
Port Elizabeth South Africa
84%
Abidjan Ivory Coast
79%
Fes Morocco
79%
Inverness United Kingdom
79%
Des Moines United States of America
79%
Chittagong Bangladesh
74%
Fortaleza Brazil
74%
Mombasa Kenya
74%
Kandahar Afghanistan
68%
Rosario Argentina
68%
Cali Colombia
63%
Ulm Germany
63%
Larnaca Cyprus
58%
Be'er Sheva Israel
58%
Aden Yemen
58%
Palembang Indonesia
53%
Urumqi China
47%
Győr Hungary
47%
Sligo Ireland
47%
Tobruk Libya
47%
Örebro Sweden
47%
Sfax Tunisia
47%
Oulu Finland
42%
Merida Mexico
42%
Coimbra Portugal
42%
Jeju South Korea
42%
Oran Algeria
37%
Villach Austria
37%
Čakovec Croatia
37%
Longyearbyen Norway
37%
Durrës Albania
32%
Hurghada Egypt
32%
Batumi Georgia
32%
Gomel Belarus
26%
Cochabamba Bolivia
26%
Klaipeda Lithuania
26%
Arica Chile
21%
Hamhung North Korea
21%
Multan Pakistan
21%
Akureyri Iceland
16%
Karagandy Kazakhstan
16%
Murska Sobota Slovenia
16%
Vorkuta Russia
11%
Balti Moldova
5%
No matching quizzes found
Score Distribution
Percent of People with Each Score
Percentile by Number Answered
Your Score History
You have not taken this quiz